| 000 | 00927nam a2200241 i 4500 | ||
|---|---|---|---|
| 001 | 9080 | ||
| 003 | ES-MaACL | ||
| 005 | 20230906145611.0 | ||
| 008 | 930203s1991 sp a |||| | spa d | ||
| 020 | _a84-7088-502-2 | ||
| 080 | _a711.432(464.1)"1939/1951" | ||
| 100 | 1 |
_aDiéguez Patao, Sofía. _944584 |
|
| 245 | 1 | 3 |
_aUn nuevo orden urbano _b: "El gran Madrid" (1939-1951) / _cSofía Diéguez Patao ; prólogo de Pedro Bidagor Lasarte. |
| 260 |
_aMadrid : _bMinisterio para las Administraciones Públicas : _bAyuntamiento de Madrid, _c1991. |
||
| 300 |
_aXLIX, 229 p. : _bil ; _c29 cm. |
||
| 500 | _aBibliografía: p. 207-229. | ||
| 651 | 4 |
_aUrbanismo- _zMadrid- _y1939-1975. _9195848 |
|
| 700 | 1 |
_aBidagor Lasarte, Pedro, _epr. _9195849 |
|
| 710 | 1 |
_aEspaña. _bMinisterio para las Administraciones Públicas. _93945 |
|
| 710 | 1 |
_aMadrid. _bAyuntamiento _9234069 |
|
| 852 |
_aES-MaACL _jL-16457 |
||
| 999 |
_c9080 _d9080 |
||